000 00360nam a2200133Ia 4500
008 240624s9999 xx 000 0 und d
041 _aeng
082 _a291.4 BUT
100 _aBUTLER BOWDON TOM
245 _a50 SPIRITUAL CLASSICS YOUR SHORTCUT TO T
260 _c2017
_aLondon
_bNicholas Brealey Publishing
300 _avi, 323 p.; 23 cm.
365 _c
_b33
999 _c32101
_d32101